Madero y Pino Sur̀ez

Detalles Bibliográficos
Formato: eBook
Lenguaje:español
Publicado: Ciudad de Mx̌ico: Cm̀ara de Diputados, 2013
Materias:
Acceso en línea:Acceso restringido

MARC

LEADER 00000nam a22000007a 4500
005 20171025150821.0
007 cr|||| ||||
008 171025s2013 mx |||||s|||| 00||0 spa d
020 |a 978-607-401-747-2 
035 |a 20754 
040 |a vLex 
090 |c 7136  |d 7136 
245 0 0 |a  Madero y Pino Sur̀ez  |h [Recurso electrn̤ico] 
256 |a Servicio en ln̕ea 
260 |a Ciudad de Mx̌ico:  |b Cm̀ara de Diputados,  |c 2013 
300 |a 1 recurso electrn̤ico (316p.) 
500 |a 1913-1963. Testimonios histr̤icos seleccionados por Arturo Arnìz y Freg. 316 pg̀inas. 
506 1 |a Disponible solo en los productos indicados  |d vLex Global  |d vLex Global (Academic Edition, excluding Law Schools)  |d vLex Global (U.S. Academic Edition, Law Schools)  |d vLex Global (U.S. Academic Edition, excluding Law Schools)  |d vLex Global (Academic Edition, Law Schools) 
650 0 4 |a Ciencias sociales  |z Mx̌ico 
740 0 |a vLex Libros (Servicio en ln̕ea) 
856 4 0 |u http://vlex.com/source/madero-y-pino-suarez-20754/  |z Acceso restringido 
942 |c BOOK 
999 0 |a Social sciences